000 00573nam a2200229Ia 4500
003 OSt
005 20220924135403.0
006 a|||||r|||| 00| 0
007 ta
008 220923b |||||||| |||| 00| 0 ben d
024 _a290967
037 _cTextual
040 _aARTS
_cARTS
_bben
041 _2ben
_aben
082 _aO15,2D40,2:g, 157G7
100 _aSakuntalaya
_9210249
245 0 _aNatyakala
260 _c1937
650 _aSANSKRIT LITERATURE
942 _hO15,2D40,2:g, 157G7
_cTEXL
_2CC
999 _c440564
_d440564